000 00430nam a2200181Ia 4500
001 7551
005 20260306160503.0
008 260306t2007||||xx |||||||||||||| ||spa||
041 _aESP
082 _a339.46985
_bV48
100 _aVerdera V,Francisco
_eAUT
245 0 _aLa pobreza en el Perú texto impreso
260 _c2007
300 _a304páginas :
_ccm.
650 _aGEN
654 _aCAN
942 _cLIB
_dJUS
_fJUS
_2ddc
_n
999 _c7551
_d7551